000 00605cam a2200217 4500500
005 20260329005303.0
041 _afre
042 _adc
100 1 0 _aEnjalbert, Cédric
_eauthor
245 0 0 _aAgnès b. : au point levé
260 _c2023.
500 _a38
690 _aBachelard
690 _aCouture
690 _aFoi
690 _aJésus
690 _aVersailles
690 _aVêtement
786 0 _nPhilosophie magazine | 167 | 2 | 2023-03-01 | p. 84-84 | 1951-1787
856 4 1 _uhttps://shs.cairn.info/magazine-philosophie-magazine-2023-2-page-84?lang=fr&redirect-ssocas=7080
999 _c1841983
_d1841983